| 000 | 00363nam a2200121Ia 4500 | ||
|---|---|---|---|
| 008 | 210430s9999 xx 000 0 und d | ||
| 082 | _a624.15136 K451 S | ||
| 100 | _aShaukat Ali Khan | ||
| 245 |
_aSoil Mechanics for transportation engineering _cShaukat Ali Khan |
||
| 260 |
_aIslamabad _bHigher education Commission _c2006 |
||
| 300 | _a225p. | ||
| 942 |
_cBK _2ddc |
||
| 999 |
_c562037 _d562037 |
||